000 00264nam a2200109Ia 4500
008 231212s2006 xx 000 0 und d
041 _aeng
082 _a626.381
100 _aGavhane K.A.
245 _aChemical Reaction Engineering
260 _aPune
_bNirali
_c2006
999 _c965723
_d965723